LEADER 00970nam a2200229 u 4500 001 000000001181 003 CaOOAMICUS 005 20070226104302.0 008 940919s1904 it u000 u ita u 035 $a10026710 040 $aPUL(R)$bita 041 0 $aita$afre$alat 245 00$aEsposizione documentata sulla rottura delle relazioni diplomatiche fra la S. Sede e il governo francese. 260 $aRoma :$bTipografica vaticana,$c1904. 300 $a62 p. ;$c27 cm 650 4$aChiesa e stato$zFrancia.$0(OLS)http://pul/subject/1313 850 $aPUL 852 $aPUL$W1$xSL Diritto Canonico 1$y5$m149 G 40$j1530$nBK-PRI$b $qStampati$B1530$CPULBib$Z2$F1530 $H $81 941 1 $a8 961 $aINV: 24281 996 $6245$aEsposizione documentata sulla rottura delle relazioni diplomatiche fra la S. Sede e il governo francese$9(OLS)http://pul/title/1750 996 $6260$aRoma :$bTipografica vaticana$9(OLS)http://pul/publisher/48586 LEADER 01119nam a2200301 a 4500 001 000000159506 003 CaOOAMICUS 005 20170317162305.0 008 170317s2014 it 000 u ita r 020 $a978-88-6708-242-1* 032 $aLibriCat 040 $aPUL$bita 082 04$a174.9 100 1 $aTuroldo, Fabrizio.$0(OLS)http://pul/name/73677 245 10$aBreve storia della bioetica / $cFabrizio Turoldo . 260 $aTorino :$bLindau,$cİ2014. 300 $a252 p. ;$c21 cm. 490 1 $aBiblioteca 650 4$aBioetica.$0(OLS)http://pul/subject/2868 830 0$aBiblioteca (Lindau).$0(OLS)http://pul/title/146721 850 $aPUL 852 $aPUL$W1$xSL Filosofia 3$y81$m174. 9 TURFA 1$j182936$qDDC 21$B186142$CPULBib$Z2$F186142 $H129163 $81 941 1 $a9 996 $6020$a978-88-6708-242-1*$9(OLS)http://pul/number/162231 996 $6082$a174.9$9(OLS)http://pul/classification/495 996 $6245$aBreve storia della bioetica / $9(OLS)http://pul/title/199127 996 $6260$aTorino :$bLindau$9(OLS)http://pul/publisher/70945